000
00305 a2200133 4500
005
20250709074443.0
020
_a
978-1-444-10504-9
082
_a
519.5 GRA
100
_a
GRAHAM, A
245
_a
Understanding Statistics
260
_a
London
_b
Harper
_c
2010
300
_a
360p.;ill
_c
20cm.
942
_2
ddc
_c
BKS
999
_c
6628
_d
6628